000 00549nam a2200169Ia 4500
003 GCL
008 140319s9999 xx 000 0 ara d
040 _aGCL /
_cGCL
082 0 4 _a811.9
_bع س
100 1 _aعبدالوهاب البياتى
245 1 0 _aسيرة ذاتية لسارق النار /
_cعبدالوهاب البياتى
300 _a75 ص
490 _aالاعمال الكاملة للشاعر عبدالوهاب البياتى
_v0
650 0 4 _aالشعر العربى
650 0 4 _aالادب العربى
942 _2ddc
_cBK
999 _c45002
_d45002